| 000 | | | 04074nmc2a2200000 x 450 |
| 001 | | | e3cab967-a205-4e64-81c3-21c39b81c6e8 |
| 005 | | | 20170112232741.0 |
| 100 | ## | $a | 20140328l18871887k l0rusy0189 ca |
| 101 | 0# | $a | rus |
| 102 | ## | $a | RU |
| 200 | 1# | $a | Дело о выкупе земельных наделов временнообязанными крестьянами Е.П. Ферапонтовой сельца Исаевки Елецкого уезда Орловской губернии |
| | $j | 24 января - 27 октября 1887 г. |
| 251 | ## | $c | Дело |
| 300 | ## | $a | Дело |
| 300 | ## | $a | Ориг. заголовок дела: Дело Ферапонтовой Е.П. Орловской губернии Елецкого уезда селения Исаевки. 24 января 1887 г. - 27 октября 1887 г |
| 801 | #0 | $a | RU |
| | $b | РГИА |
| | $c | 20140328 |
| | $g | RCR |
| 801 | #1 | $a | RU |
| | $b | ГлавНИВЦ |
| | $c | 20140328 |
| | $2 | rusmarc |
| 801 | #2 | $a | RU |
| | $b | ПБ им. Б.Н. Ельцина |
| | $c | 20170112 |
| | $g | RCR |
| | $2 | rusmarc |
| 850 | ## | $a | РГИА |
| 852 | ## | $a | РГИА |
| | $e | Федеральное казенное учреждение "Российский государственный исторический архив" (РГИА) |
| | $j | 1000 |
| 937 | ## | $h | РГИА |
| | $d | 11017428 |
| | $a | ASBIBLIO_SCAN |
| 462 | #0 | $1 | 0012327ab3a-0548-404e-b4cb-e37355ac5039 |
| | $1 | 2001 |
| | $a | 1863-1889 гг. |
| | $1 | 251 |
| | $c | Опись |
| | $1 | 852 |
| | $j | 26 |
| 461 | #0 | $1 | 0018ef30ad5-ff5c-4840-a721-74c62a200f95 |
| | $1 | 2001 |
| | $a | Главное выкупное учреждение Министерства финансов |
| | $1 | 251 |
| | $c | Фонд |
| | $1 | 852 |
| | $j | 577 |
| 215 | ## | $a | 34 л. |
| | $d | 36,5x26 см |
| 371 | ## | $a | Документ не является опубликованным и широко распространяемым |
| 105 | ## | $a | у### |
| 122 | 2# | $a | d |
| 517 | 1# | $a | Дело Ферапонтовой Е.П. Орловской губернии Елецкого уезда селения Исаевки. 24 января 1887 г. - 27 октября 1887 г |
| 035 | ## | $a | e3cab967-a205-4e64-81c3-21c39b81c6e8 |
| 856 | ## | $u | http://readingroom.main.prlib.ru/item.aspx?id_node=n94201441&mode=full |